000 00374pam a2200157 a 4500
020 _c
041 _h
082 _a647.940688
100 _aBUTTLE FRANCIS
_eAuthor
245 _aHOTEL AND FOOD SERVICE MARKETING
_cBUTTLE FRANCIS
_hTextual Documents
260 _aLondon
_bCASELL Edu
300 _a414
653 _aFood services
700 _eCo-Author
930 _a2143
999 _c229544
_d229544